ControlSysteems Emgineeing 2 nd adition (Record no. 833542)

MARC details
000 -LEADER
fixed length control field 00545nam a2200205Ia 4500
008 - FIXED-LENGTH DATA ELEMENTS--GENERAL INFORMATION
fixed length control field 110201s9999 xx 000 0 und d
082 ## - DEWEY DECIMAL CLASSIFICATION NUMBER
Item number B8046
Classification number A 49
100 ## - MAIN ENTRY--PERSONAL NAME
Personal name Gopal M.
100 ## - MAIN ENTRY--PERSONAL NAME
Personal name Nagrath I.J.
245 ## - TITLE STATEMENT
Title ControlSysteems Emgineeing 2 nd adition
260 ## - PUBLICATION, DISTRIBUTION, ETC. (IMPRINT)
Name of publisher, distributor, etc wiley eastern limited
365 ## - TRADE PRICE
Price amount 0
600 ## - SUBJECT ADDED ENTRY--PERSONAL NAME
Personal name Gopal M.
600 ## - SUBJECT ADDED ENTRY--PERSONAL NAME
Personal name Nagrath I.J.
630 ## - SUBJECT ADDED ENTRY--UNIFORM TITLE
Uniform title ControlSysteems Emgineeing 2 nd adition
700 ## - ADDED ENTRY--PERSONAL NAME
Personal name Gopal M.
700 ## - ADDED ENTRY--PERSONAL NAME
Personal name Nagrath I.J.
730 ## - ADDED ENTRY--UNIFORM TITLE
Uniform title ControlSysteems Emgineeing 2 nd adition
942 ## - ADDED ENTRY ELEMENTS (KOHA)
Koha item type Book
Holdings
Withdrawn status Lost status Damaged status Not for loan Home library Current library Date acquired Cost, normal purchase price Total Checkouts Barcode Date last seen Cost, replacement price Price effective from Koha item type
        Prof.Manikrao Kirtane Vachanalaya, Vashi, Navi Mumbai Prof.Manikrao Kirtane Vachanalaya, Vashi, Navi Mumbai 02/01/2011 0.00   PMKV-B8046 02/01/2011 0.00 02/01/2011 Book